Stronger by Kanye West - Lyrics - Statistics

General Stats
  • This quiz has been taken 291 times
  • The average score is 543 of 846
Answer Stats
Answer % Correct
stronger
99%
stronger)
99%
I
98%
a
97%
be
96%
do
96%
Do
96%
f-
95%
make
95%
faster
93%
faster,
93%
it
90%
me
89%
(me
89%
me?
89%
better
88%
better,
88%
now
88%
Can
87%
Kan
87%
on
87%
you
87%
You
87%
you?
87%
Don
86%
kill
86%
to
84%
don't
83%
Don't
83%
only
83%
that
83%
That
83%
who
82%
long
80%
can't
79%
'Cause
78%
'cause
78%
much
78%
need
78%
right
77%
right?
77%
up
77%
longer
75%
wait
75%
hurry
74%
Work
73%
work
73%
us
72%
go
71%
harder
71%
(harder,
71%
Harder
71%
by
70%
Makes
70%
the
69%
been
66%
get
66%
know
66%
got
65%
how
63%
I've
63%
all
62%
That's
60%
night
58%
sh-
57%
Man,
56%
Man
56%
man
56%
my
56%
tonight
56%
like
55%
they
55%
this
54%
this,
54%
waitin'
54%
what
54%
anymore
53%
anymore?
53%
I'm
52%
not
52%
Let's
51%
in
50%
could
49%
lost
49%
And
48%
and
48%
never
48%
Never
48%
real
47%
shit
47%
black
46%
Christian
46%
Dior
46%
Kate
46%
Moss
45%
say
45%
ask
44%
give
44%
wronger
44%
of
43%
sure
43%
is
42%
anybody
41%
take
41%
'em
40%
we
40%
when
40%
Act
39%
act
39%
for
39%
So
39%
would
39%
your
39%
ever
38%
even
37%
should
37%
show
36%
boss
35%
if
35%
If
35%
Damn,
34%
haters
34%
secretary
34%
told
34%
greatness
33%
honored
33%
over
33%
Play
33%
had
32%
lateness
32%
thou
32%
God
31%
made
31%
presence
31%
baby,
30%
Baby,
30%
fake
30%
or
30%
plans
30%
Prince
30%
was
30%
nuts,
29%
you're
29%
Since
28%
ahead,
27%
anything
27%
apesh-
27%
Bow
27%
But
27%
hell
27%
makin'
27%
one
27%
put
27%
front
26%
OJ
26%
time's
26%
Well,
26%
we'll
26%
you's,
26%
it's
25%
tell
25%
There's
25%
there's
25%
thousand
25%
after
24%
more
24%
than
24%
Hour
23%
limelight
23%
Louis
23%
our
23%
homie,
22%
I'd
22%
lot
22%
trippin',
22%
Vuitton
22%
gon'
21%
Klondike
21%
moment
21%
sayin'
21%
caught
20%
drink
20%
everything
20%
forsaken
20%
gospel
20%
New
20%
she'll
20%
six,
18%
Awesome,
17%
bape
17%
pastel
17%
Isotoners
16%
likey)
14%
making
14%
Heard
12%
Especially
11%
Appolonia
10%
blonde-dike
10%
they'd
10%
hast
8%
Na-na-na
7%
Ugh,
2%
No matching quizzes found
Score Distribution
Percent of People with Each Score
Percentile by Number Answered
Your Score History
You have not taken this quiz